[Event "23.Schlosspark-Open"]
[Site "Wiesbaden"]
[Date "2011.08.28"]
[Round "7.59"]
[White "Kunkel, Wolfgang"]
[Black "Van Bömmel, Philipp"]
[Result "0-1"]
[WhiteElo "1713"]
[BlackElo "1577"]
[PlyCount "72"]
[EventDate "2011.??.??"]
[WhiteTeam "SK 1858 Gießen"]
[BlackTeam "SC 1979 Hattersheim"]

1. f4 d5 2. Nf3 Nf6 3. d3 c5 4. Nbd2 d4 5. Nc4 Nc6 6. e4 dxe3 7. Bxe3 e6 8. Be2
Be7 9. O-O O-O 10. h3 Qc7 11. g4 Nd5 12. Qd2 Nxe3 13. Qxe3 Nb4 14. Qd2 Nd5 15.
Nh2 b5 16. Ne5 f6 17. c4 fxe5 18. cxd5 exf4 19. Bf3 Bb7 20. dxe6 Bxf3 21. Nxf3
Rad8 22. Qe2 Rd6 23. g5 Qc6 24. Rae1 Qd5 25. d4 cxd4 26. b3 d3 27. Qd2 Rxe6 28.
Rxe6 Qxe6 29. Re1 Bc5+ 30. Kg2 Qd6 31. Re4 Be3 32. Qd1 Rc8 33. Ne1 Qd5 34. Qf3
Qxg5+ 35. Qg4 Qxg4+ 36. hxg4 d2 0-1

[Event "23.Schlosspark-Open"]
[Site "Wiesbaden"]
[Date "2011.08.28"]
[Round "7.60"]
[White "Beck, Andreas"]
[Black "Sommer, Norbert"]
[Result "1-0"]
[WhiteElo "1700"]
[BlackElo "1562"]
[PlyCount "85"]
[EventDate "2011.??.??"]
[WhiteTeam "TSVG1900 Malschenberg"]
[BlackTeam "SF 1876 Göppingen"]

1. e4 c6 2. Nc3 d5 3. Nf3 dxe4 4. Nxe4 Bg4 5. h3 Bxf3 6. Qxf3 Nf6 7. Bc4 Nbd7
8. Qb3 e6 9. Nxf6+ gxf6 10. Qxb7 Rc8 11. O-O Rg8 12. Qb3 Rb8 13. Qf3 Ne5 14.
Qe4 Nxc4 15. Qxc4 Qc7 16. d3 Rb5 17. Re1 Bd6 18. Rxe6+ Kd8 19. Rxf6 Qe7 20.
Rxd6+ Qxd6 21. Bf4 Qd7 22. Bg3 Kc8 23. Re1 a5 24. b3 Kb7 25. Qe4 Ka6 26. Qxh7
Rg6 27. Qh8 Rb7 28. Re8 f5 29. Ra8+ Kb6 30. Qc3 Qd5 31. Qe5 Qxe5 32. Bxe5 Rh7
33. Kf1 Rh5 34. a4 Rhg5 35. g3 Rh5 36. h4 Rh7 37. c3 Re7 38. d4 Rg4 39. b4 axb4
40. cxb4 Re4 41. h5 Rh7 42. Rh8 Rxh8 43. Bxh8 1-0

[Event "23.Schlosspark-Open"]
[Site "Wiesbaden"]
[Date "2011.08.28"]
[Round "7.62"]
[White "Memmeler, Björn"]
[Black "Hess, Max"]
[Result "0-1"]
[WhiteElo "1427"]
[BlackElo "1645"]
[PlyCount "82"]
[EventDate "2011.??.??"]
[WhiteTeam "Wiesbadener SV 1885"]
[BlackTeam "Post-SV Memmingen"]

1. d4 Nf6 2. c4 g6 3. Nc3 Bg7 4. e4 d6 5. f3 O-O 6. Be3 Nbd7 7. Qd2 c5 8. d5
Ne5 9. Bh6 Qb6 10. Bxg7 Kxg7 11. Be2 Qb4 12. b3 e6 13. f4 Ned7 14. dxe6 fxe6
15. Bf3 Nb6 16. Nge2 Rd8 17. O-O d5 18. cxd5 exd5 19. e5 Ne8 20. Qc2 d4 21. a3
Qa5 22. Qd3 Be6 23. Ne4 c4 24. bxc4 Bxc4 25. Qd2 Qxd2 26. Nxd2 Bxe2 27. Bxe2
Rac8 28. Rfc1 Na4 29. Bb5 Nc3 30. Bc4 b5 31. Bd3 Nc7 32. Kf1 N7d5 33. g3 Ne3+
34. Ke1 h5 35. h3 h4 36. g4 Ng2+ 37. Kf2 Nxf4 38. Bf1 Rf8 39. Ke1 Rce8 40. Nf3
Nd3+ 41. Bxd3 Rxf3 0-1

[Event "23.Schlosspark-Open"]
[Site "Wiesbaden"]
[Date "2011.08.28"]
[Round "7.63"]
[White "Leßmann, Sven"]
[Black "Diener, Carolin Valeria"]
[Result "0-1"]
[WhiteElo "1250"]
[BlackElo "1624"]
[PlyCount "98"]
[EventDate "2011.??.??"]
[WhiteTeam "SC Bad Soden"]
[BlackTeam "Sfr.1891 Friedberg"]

1. d4 d5 2. c4 e6 3. Nf3 Nf6 4. Nc3 Be7 5. Bg5 O-O 6. e3 b6 7. Bd3 Nbd7 8. Qc2
h6 9. Bh4 Bb7 10. O-O-O a6 11. h3 dxc4 12. Bxc4 b5 13. Be2 Nb6 14. g4 b4 15.
Bxf6 bxc3 16. Bxe7 cxb2+ 17. Qxb2 Qxe7 18. Rhg1 Rab8 19. Ne5 Bd5 20. Qc2 Qa3+
21. Qb2 Qxb2+ 22. Kxb2 Nc4+ 23. Kc3 Nxe5 24. dxe5 Bxa2 25. Ra1 Bd5 26. Bxa6
Rb3+ 27. Kd4 Rfb8 28. Ra4 Bc6 29. Rc4 Rd8+ 30. Kc5 Rb6 31. Rb4 Rxa6 32. Kc4
Bd5+ 33. Kc3 Rc6+ 34. Kb2 Ra8 35. Ra1 Rxa1 36. Kxa1 Ra6+ 37. Kb2 Rb6 38. Rxb6
cxb6 39. Kc3 b5 40. h4 Kh7 41. f4 Bf3 42. Kb4 Bxg4 43. Kxb5 Kg6 44. Kc5 Kh5 45.
Kd6 Kxh4 46. Ke7 h5 47. Kxf7 g5 48. f5 Bxf5 49. e4 Bg4 0-1

[Event "23.Schlosspark-Open"]
[Site "Wiesbaden"]
[Date "2011.08.28"]
[Round "7.64"]
[White "Wagner, Günter"]
[Black "Hansch, Christian Min"]
[Result "1-0"]
[WhiteElo "1588"]
[BlackElo "1229"]
[PlyCount "103"]
[EventDate "2011.??.??"]
[WhiteTeam "SV 1946 Groß-Gerau"]
[BlackTeam "SC Turm Büdingen"]

1. Nf3 Nc6 2. g3 e5 3. d3 d5 4. Bg2 Nf6 5. O-O Bg4 6. c4 Bc5 7. cxd5 Nxd5 8.
Nc3 Qd7 9. Qb3 Nxc3 10. bxc3 O-O 11. Re1 Bb6 12. Bb2 Be6 13. c4 Qd6 14. Ba3 Bc5
15. Bxc5 Qxc5 16. Ng5 Rab8 17. e3 Rfe8 18. Ne4 Qb4 19. Rab1 Qe7 20. Nc3 Na5 21.
Qb5 Qa3 22. Qb4 Qxb4 23. Rxb4 Red8 24. Rd1 Bxc4 25. dxc4 Rxd1+ 26. Nxd1 Rd8 27.
Nb2 c5 28. Rb5 b6 29. Bd5 Kf8 30. Nd3 f6 31. Rb1 Ke7 32. Rd1 g6 33. Nb2 h6 34.
Kf1 f5 35. Ke2 e4 36. h3 Kf6 37. g4 Kg5 38. gxf5 gxf5 39. Rg1+ Kh4 40. Rg6 h5
41. f3 exf3+ 42. Kxf3 a6 43. Rf6 Kxh3 44. Rh6 Kh4 45. Kf4 Rg8 46. Bf3 Rg5 47.
Rxb6 Nb7 48. Bxb7 Rg4+ 49. Kxf5 Kg3 50. Rg6 Rxg6 51. Kxg6 h4 52. a4 1-0

[Event "23.Schlosspark-Open"]
[Site "Wiesbaden"]
[Date "2011.08.28"]
[Round "7.65"]
[White "Kornilov, Alexander"]
[Black "Pogosian, Norair"]
[Result "0-1"]
[WhiteElo "1192"]
[BlackElo "1586"]
[PlyCount "94"]
[EventDate "2011.??.??"]
[WhiteTeam "SAbt TuS Makkabi Ffm"]
[BlackTeam "CE Strassbourg"]

1. d4 Nf6 2. Nf3 g6 3. Bf4 Bg7 4. c4 O-O 5. Nc3 d5 6. e3 c5 7. Be2 Nc6 8. dxc5
Qa5 9. cxd5 Nxd5 10. Qb3 Nxc3 11. Nd2 Ne4 12. Qc2 Qxd2+ 13. Qxd2 Nxd2 14. Kxd2
Bxb2 15. Rab1 Be5 16. Bh6 Rd8+ 17. Kc2 Bf5+ 18. Kb3 Bxb1 19. Rxb1 Rd2 20. Bf3
Rad8 21. e4 Nd4+ 22. Ka3 Nxf3 23. gxf3 R8d3+ 24. Ka4 Rxa2+ 25. Kb5 Rb2+ 26.
Rxb2 Bxb2 27. c6 bxc6+ 28. Kxc6 Rxf3 29. Be3 Rxe3 30. fxe3 Bc1 31. Kb5 Bxe3 32.
Ka6 Kg7 33. e5 g5 34. h3 Kg6 35. Kb5 Kf5 36. Kc4 Kxe5 37. Kd3 Kf4 38. Ke2 a5
39. Kd3 e5 40. Kc4 e4 41. Kb5 Bd2 42. Ka4 e3 43. Kb5 e2 44. Ka4 e1=Q 45. h4 Qb1
46. Ka3 Bc1+ 47. Ka4 Qb4# 0-1

[Event "23.Schlosspark-Open"]
[Site "Wiesbaden"]
[Date "2011.08.28"]
[Round "7.67"]
[White "Peschk, Kathrin"]
[Black "Hoffmann, Jörn"]
[Result "0-1"]
[WhiteElo "926"]
[BlackElo "1686"]
[PlyCount "60"]
[EventDate "2011.??.??"]
[WhiteTeam "SV 1946 Groß-Gerau"]
[BlackTeam "SC Taunusstein 1966"]

1. e4 e5 2. Nf3 Nf6 3. Nc3 d6 4. Bc4 Be7 5. d3 h6 6. Be3 Bg4 7. O-O Nc6 8. Bb5
Qd7 9. a3 a6 10. Bxc6 Qxc6 11. Rb1 Qd7 12. h3 Bh5 13. d4 exd4 14. Bxd4 Rd8 15.
Re1 O-O 16. Qd3 c6 17. Bb6 Rde8 18. Bd4 Bg6 19. Qd1 c5 20. Bxf6 Bxf6 21. e5 Bd8
22. exd6 Rxe1+ 23. Nxe1 Re8 24. Kf1 Re6 25. Qg4 Bf6 26. Nd5 Qxd6 27. Nxf6+ Rxf6
28. Qc8+ Kh7 29. Qxb7 Qd2 30. Qb3 Qxf2# 0-1

[Event "23.Schlosspark-Open"]
[Site "Wiesbaden"]
[Date "2011.08.28"]
[Round "7.68"]
[White "Rosmanitz, Anna"]
[Black "Köllmer, Hans"]
[Result "0-1"]
[WhiteElo "1280"]
[BlackElo "1604"]
[PlyCount "82"]
[EventDate "2011.??.??"]
[WhiteTeam "SC 1979 Hattersheim"]
[BlackTeam "Sfr.Heidesheim"]

1. e4 e6 2. d4 d5 3. e5 c5 4. c3 Nc6 5. Nf3 Qb6 6. Be2 cxd4 7. cxd4 Nge7 8. O-O
Nf5 9. Be3 Qxb2 10. Nbd2 Nxe3 11. fxe3 Qb6 12. Rb1 Qd8 13. e4 Ne7 14. Ng5 Nf5
15. Bb5+ Bd7 16. Bxd7+ Qxd7 17. exf5 exf5 18. Qe1 Qe7 19. Qe3 f6 20. Ngf3 g5
21. Qb3 Rb8 22. exf6 Qxf6 23. Rfe1+ Be7 24. Qb5+ Kf8 25. Qxd5 Kg7 26. Rxb7 Rhe8
27. Rxa7 g4 28. Ne5 Kh6 29. Nd7 Rbd8 30. Nxf6 Bxf6 31. Qc6 Rf8 32. Re6 Kg5 33.
Rxh7 Bxd4+ 34. Kf1 Bf6 35. h3 Rxd2 36. Qc1 Rfd8 37. Re8 R8d3 38. Rg8+ Kf4 39.
hxg4 Bb2 40. Qc7+ Be5 41. Qf7 Rd1+ 0-1

[Event "23.Schlosspark-Open"]
[Site "Wiesbaden"]
[Date "2011.08.28"]
[Round "7.69"]
[White "Bangert, Martin"]
[Black "Dyga, Ryszard"]
[Result "0-1"]
[WhiteElo "858"]
[BlackElo "1580"]
[PlyCount "34"]
[EventDate "2011.??.??"]
[WhiteTeam "SC Eschbach/Usi- Land"]
[BlackTeam "SV 1920 Hofheim"]

1. c4 Nf6 2. g3 d5 3. e3 e5 4. a3 Bf5 5. Bg2 c6 6. Nc3 dxc4 7. Nf3 Nbd7 8. O-O
Bg4 9. e4 Nc5 10. Qc2 Bd6 11. h3 Be6 12. Ne1 Qd7 13. d3 cxd3 14. Nxd3 Bxh3 15.
f3 Nxd3 16. Qxd3 Bc5+ 17. Kh2 Qxd3 0-1

[Event "23.Schlosspark-Open"]
[Site "Wiesbaden"]
[Date "2011.08.28"]
[Round "7.72"]
[White "Lochmann, Tobias"]
[Black "Urbach, Jens"]
[Result "0-1"]
[WhiteElo "730"]
[BlackElo "1123"]
[PlyCount "72"]
[EventDate "2011.??.??"]
[WhiteTeam "SV 1946 Groß-Gerau"]
[BlackTeam "Sfr. Frankfurt 1921"]

1. e4 d6 2. Nc3 Nf6 3. Nf3 g6 4. Bc4 Bg4 5. Be2 Bg7 6. O-O O-O 7. h3 Bxf3 8.
Bxf3 c6 9. d4 Nbd7 10. Bd2 Rb8 11. Re1 Re8 12. Bf4 e5 13. dxe5 dxe5 14. Be3 a6
15. Bg4 Nxg4 16. Qxg4 Nf6 17. Qd1 Qc7 18. Ba7 Rbd8 19. Qe2 Rd7 20. Qe3 b5 21.
Bc5 Qb7 22. Ne2 a5 23. b4 axb4 24. Bxb4 Qa8 25. Qa3 Ra7 26. Qc1 Rxa2 27. Bc3
Rxa1 28. Bxa1 Nxe4 29. Ng3 Nxg3 30. fxg3 Qa7+ 31. Kh2 b4 32. Qb2 Qb8 33. Rb1 c5
34. h4 h5 35. c3 e4 36. Re1 Bxc3 0-1

[Event "23.Schlosspark-Open"]
[Site "Wiesbaden"]
[Date "2011.08.28"]
[Round "7.73"]
[White "Fey, Karl-Heinz"]
[Black "Wöhl, Jessica"]
[Result "0-1"]
[WhiteElo "827"]
[BlackElo "906"]
[PlyCount "58"]
[EventDate "2011.??.??"]
[WhiteTeam "SC 1926 Haßloch"]
[BlackTeam "SC Groß-Zimmern"]

1. Nf3 Nc6 2. c4 e5 3. Nc3 Nf6 4. g3 Bc5 5. Bg2 Ng4 6. O-O d6 7. a3 a5 8. e3
O-O 9. Nb5 Re8 10. e4 Be6 11. d3 Ne7 12. Ng5 Ng6 13. Nxe6 Bxf2+ 14. Rxf2 Nxf2
15. Nxd8 Nxd1 16. Nxb7 Reb8 17. Nxc7 Ra7 18. Nxa5 Rxc7 19. Bd2 Nxb2 20. a4 Nxd3
21. Ra3 Nb2 22. Bf1 Ne7 23. Bc3 Nd1 24. Bd2 Nc6 25. Nb3 Nd4 26. Nc1 Nb2 27. Bc3
Nxc4 28. Bxc4 Rxc4 29. Nd3 Ne2+ 0-1